000 00586nam a2200169Ia 4500
008 090201s9999 xx 000 0 und d
010 _aKPL-36971
040 _bमराठी
041 _aमराठी
082 _a29412
_b36971
100 _aलक्ष्मीकांत तांबोळी
245 _aदूर गेलेले घर
_cलक्ष्मीकांत तांबोळी
260 _c2004
_bप्रतिमा प्रकाशन
300 _a131
_bमोठा
600 _aदूर गेलेले घर
942 _cBOOK
999 _c228027
_d228027